| 000 | 00498nam a2200205Ia 4500 | ||
|---|---|---|---|
| 003 | OSt | ||
| 005 | 20231010115214.0 | ||
| 008 | 230312s9999||||xx |||||||||||||| ||und|| | ||
| 020 | _a0856708038 | ||
| 040 | _cABC | ||
| 082 |
_a729 _bKRI |
||
| 100 | _aKrier;Rob | ||
| 245 | 0 | _aArchitectural Composition | |
| 260 |
_bAcademy Editions _aLondon _c1991 |
||
| 300 | _a320 | ||
| 500 | _aIllustration is Given. | ||
| 546 | _aEng. | ||
| 650 |
_aArchitecture _vArchitectural Composition |
||
| 942 |
_cBK _2ddc |
||
| 999 |
_c7367 _d7367 |
||